000 00413 a2200169 4500
003 Nust
005 20170207153352.0
040 _cNust
082 _a005.1
100 _aSafdar , NC Ahsan BESE-04
245 _aImplementation of CR-LDP
_cNC Ahsan Safdar & PC Aamer Bukhari BESE-04
260 _bMCS
_c2002
300 _a104 p
538 _aAlmirah No.71 Shelf No.3
650 _aUG Projects
651 _aUG CS Projects
942 _cPRG
999 _c184639
_d184639